<?xml version="1.0" encoding="UTF-8"?><?xml-stylesheet type="text/xsl" href="static/style.xsl"?><OAI-PMH xmlns="http://www.openarchives.org/OAI/2.0/" xmlns:xsi="http://www.w3.org/2001/XMLSchema-instance" xsi:schemaLocation="http://www.openarchives.org/OAI/2.0/ http://www.openarchives.org/OAI/2.0/OAI-PMH.xsd"><responseDate>2026-04-27T20:21:28Z</responseDate><request verb="GetRecord" identifier="oai:uvadoc.uva.es:10324/48773" metadataPrefix="marc">https://uvadoc.uva.es/oai/request</request><GetRecord><record><header><identifier>oai:uvadoc.uva.es:10324/48773</identifier><datestamp>2022-03-31T08:30:06Z</datestamp><setSpec>com_10324_1156</setSpec><setSpec>com_10324_931</setSpec><setSpec>com_10324_894</setSpec><setSpec>col_10324_1294</setSpec></header><metadata><record xmlns="http://www.loc.gov/MARC21/slim" xmlns:doc="http://www.lyncode.com/xoai" xmlns:xsi="http://www.w3.org/2001/XMLSchema-instance" xmlns:dcterms="http://purl.org/dc/terms/" xsi:schemaLocation="http://www.loc.gov/MARC21/slim http://www.loc.gov/standards/marcxml/schema/MARC21slim.xsd">
<leader>00925njm 22002777a 4500</leader>
<datafield tag="042" ind1=" " ind2=" ">
<subfield code="a">dc</subfield>
</datafield>
<datafield tag="720" ind1=" " ind2=" ">
<subfield code="a">Möller Recondo, Claudia Marcela</subfield>
<subfield code="e">author</subfield>
</datafield>
<datafield tag="260" ind1=" " ind2=" ">
<subfield code="c">2011</subfield>
</datafield>
<datafield tag="520" ind1=" " ind2=" ">
<subfield code="a">Es reseña de: AGUADED GÓMEZ, J. y DOMÍNGUEZ FERNÁNDEZ, G. (Coord.) (2009). La Universidad y las Tecnologías de la Información y el Conocimiento. Reflexiones y Experiencias. Sevilla: Mergablum, 2009, 188 pp. ISBN 978-84-96378-53-7</subfield>
</datafield>
<datafield tag="520" ind1=" " ind2=" ">
<subfield code="a">Ante nuestros ojos tenemos un libro coordinado por los Profs. Aguaded Gómez y Domínguez Fernández, de Huelva y Sevilla respectivamente, que se integra con colaboraciones provenientes de profesores de distintas universidades españolas y que, como nos lo anticipa su título, tiene como objetivo reflexionar y presentar experiencias sobre la Universidad y las Tecnologías de la Información y el Conocimiento.</subfield>
</datafield>
<datafield tag="024" ind2=" " ind1="8">
<subfield code="a">REDEX. Revista de educación de Extremadura, Nº. 2, 2011, págs. 173-174</subfield>
</datafield>
<datafield tag="024" ind2=" " ind1="8">
<subfield code="a">2173-9536</subfield>
</datafield>
<datafield tag="024" ind2=" " ind1="8">
<subfield code="a">https://uvadoc.uva.es/handle/10324/48773</subfield>
</datafield>
<datafield tag="024" ind2=" " ind1="8">
<subfield code="a">173</subfield>
</datafield>
<datafield tag="024" ind2=" " ind1="8">
<subfield code="a">2</subfield>
</datafield>
<datafield tag="024" ind2=" " ind1="8">
<subfield code="a">174</subfield>
</datafield>
<datafield tag="024" ind2=" " ind1="8">
<subfield code="a">REDEX. Revista de educación de Extremadura</subfield>
</datafield>
<datafield ind1=" " ind2=" " tag="653">
<subfield code="a">Universidades - Innovaciones tecnológicas</subfield>
</datafield>
<datafield ind1=" " ind2=" " tag="653">
<subfield code="a">Tecnología de la información</subfield>
</datafield>
<datafield ind1=" " ind2=" " tag="653">
<subfield code="a">Enseñanza Universitaria - España</subfield>
</datafield>
<datafield tag="245" ind1="0" ind2="0">
<subfield code="a">Aguaded Gómez, J. y Domínguez Fernández, G. (Coord.) (2009). La Universidad y las Tecnologías de la Información y el Conocimiento. Reflexiones y Experiencias</subfield>
</datafield>
</record></metadata></record></GetRecord></OAI-PMH>